| 000 | 01098nas a2200373 4500 | ||
|---|---|---|---|
| 001 | BR0502786 | ||
| 003 | BR-BrBNA | ||
| 005 | 20231205105437.0 | ||
| 007 | ta | ||
| 008 | 230509b bl.|||p| |||| 00| 00por d | ||
| 040 |
_aBR-BrBNA _bpor _cBiblioteca Nacional de Agricultura |
||
| 041 | _a(Pt) | ||
| 072 | _aF30; Q04 | ||
| 100 | 1 | _aBordallo, P. do N. | |
| 100 | 1 | _aPereira, M.G. | |
| 100 | 1 | _aAmaral Júnior, A.T. do | |
| 100 | 1 | _aGabriel, A.P.C. | |
| 245 | 1 | _aAnálise dialélica de genótipos de milho doce e comum para caracteres agronômicos e proteína total | |
| 650 | _aMILHO | ||
| 650 | _aMILHO DOCE | ||
| 650 | _aGENÓTIPO | ||
| 650 | _aCRUZAMENTO DIALÉLICO | ||
| 650 | _aCARACTERÍSTICAS AGRONÔMICAS | ||
| 650 | _aANÁLISE DE ALIMENTO | ||
| 650 | _aESPIGA | ||
| 650 | _aGRÃO | ||
| 650 | _aPROTEÍNA BRUTA | ||
| 650 | _aTAMANHO | ||
| 650 | _aPESO | ||
| 650 | _aMINAS GERAIS | ||
| 773 | 0 |
_tHorticultura Brasileira (Brazil) _xISSN 0102-0536 _g(Jan-Mar 2005), v. 23(1) p. 123-127 _wBR0502786 |
|
| 909 |
_a202311 _bLúcia _c55 _dLúcia Elande |
||
| 942 |
_2AGRIS _n0 _cANA |
||
| 999 |
_c182998 _d182998 |
||